EN LA ESCUELA DE LO SOCIAL: MANUAL DE FORMACION SOCIAL PARA LA JUVENTUD/

INDICE

Збережено в:
Бібліографічні деталі
Автор: Giner, Carlos (autor)
Інші автори: Aranzadi, Dionisio (autor) (autor)
Формат: Книга
Редагування:3a edición
Предмети:
Теги: Додати тег
Немає тегів, Будьте першим, хто поставить тег для цього запису!

MARC

LEADER 00000nam^a2200000^a^4500
001 000225453
005 20250521000000.0
009 20260310104127.824
035 |a 005559 
037 |a Acervo Xavier Clavigero 
082 |a 261. 1  |b GIN 
100 |a Giner, Carlos  |e (autor) 
245 1 0 |a EN LA ESCUELA DE LO SOCIAL:  |b MANUAL DE FORMACION SOCIAL PARA LA JUVENTUD/  |c CARLOS GINER, S.J., DIONISIO ARANZADI, S.J 
250 |a 3a edición 
264 |a Bilbao, España :  |b El Mensajero del Corazón de Jesús,  |c 1962 
300 |a 510p. :  |b retrs. 
336 |a texto  |b txt  |2 rdacontenido 
337 |a sin mediación  |b n  |2 rdamedio 
338 |a volumen  |b nc  |2 rdasoporte 
520 |a INDICE 
649 |a XX 
650 |a Teología Social 
700 |a Aranzadi, Dionisio  |e (autor) 
910 |a Fondo General 
920 |a Impresos - Libros 
930 |a Colección General 
905 |a 101 
901 |a 005559  |b IT1  |c ACC  |i 005559  |u 20250521 
902 |a https://opac.biblio.iteso.mx/vufind/Record/000225453